Statistics for Saturday Stumper #3: Animals

Click here to take the quiz!

General Stats

  • This quiz has been taken 12,829 times
    (12,814 since last reset)
  • The average score is 15 of 24

Answer Stats

Hint Animal % Correct
igPig
93%
braZebra
92%
unkSkunk
89%
keyMonkey
87%
ingoDingo
85%
pusOctopus
81%
oiseTortoise
78%
oonRaccoon
73%
canToucan
72%
ailSnail
71%
keyDonkey
68%
oonBaboon
64%
ingoFlamingo
63%
oisePorpoise
59%
braCobra
58%
pusPlatypus
57%
ailQuail
53%
sterHamster
48%
sterLobster
37%
keyTurkey
34%
canPelican
33%
sterRooster
30%
unkChipmunk
25%
igEarwig
13%

Score Distribution

Percentile by Number Answered

Percent of People with Each Score

Your Score History

You have not taken this quiz since the last reset